[Event "Mitropa Cup 15th"]
[Site "Bad Woerishofen"]
[Date "1993.??.??"]
[Round "?"]
[White "Sosonko, Gennadi"]
[Black "Tolnai, Tibor"]
[Result "1/2-1/2"]
[WhiteElo "2535"]
[BlackElo "2500"]
[PlyCount "42"]
[EventDate "1993.01.??"]
[EventType "team-tourn"]
[EventRounds "7"]
[EventCountry "GER"]
[Source "ChessBase"]
[SourceDate "1993.06.01"]

1. d4 Nf6 2. Nf3 g6 3. c4 Bg7 4. Nc3 O-O 5. e4 d6 6. Be2 c5 7. d5 e6 8. O-O
exd5 9. exd5 Re8 10. Bf4 Ne4 11. Nxe4 Rxe4 12. Qd2 Bg4 13. Rae1 Qf6 14. Bg5
Qxb2 15. Qxb2 Bxb2 16. Bd3 Rxe1 17. Rxe1 Nd7 18. Rb1 Bf6 19. Rxb7 Bxf3 20. Bxf6
Nxf6 21. gxf3 Nh5 1/2-1/2

[Event "Mitropa Cup 15th"]
[Site "Bad Woerishofen"]
[Date "1993.??.??"]
[Round "?"]
[White "Stohl, Igor"]
[Black "Robatsch, Karl"]
[Result "1-0"]
[WhiteElo "2540"]
[BlackElo "2410"]
[Annotator "Stohl,I"]
[PlyCount "59"]
[EventDate "1993.01.??"]
[EventType "team-tourn"]
[EventRounds "7"]
[EventCountry "GER"]
[Source "ChessBase"]
[SourceDate "1993.06.01"]

1. d4 Nf6 2. c4 e6 3. Nc3 Bb4 4. Qc2 c5 5. dxc5 Na6 6. a3 Qa5 7. Bd2 Nxc5 8. f3
$5 $146 (8. b3 d5 $5 9. Ra2 Bxc3 10. Bxc3 Qd8 11. Bxf6 gxf6 $13) (8. Rc1) 8...
Bxc3 $8 (8... d5 $2 9. Rc1 Bxc3 10. Bxc3 Qa4 11. cxd5 $16) (8... d6 9. Rd1 Bxc3
10. Bxc3 $16 {><d6}) 9. Bxc3 Qa4 10. Qxa4 Nxa4 11. Bd4 d6 {/\ e5} 12. O-O-O (
12. b3 Nc5 13. Rb1 e5 $10) 12... e5 13. Bf2 Be6 (13... Ke7 14. e4 Be6) 14. e4 (
14. Rxd6 $6 Bxc4 $36) 14... Ke7 15. b3 Nc5 16. Kb2 Rhc8 $5 (16... a6 {/\ b5}
17. Ne2 b5 18. Nc3 $1 bxc4 19. Bxc5 dxc5 20. Bxc4 Bxc4 21. bxc4 $14 {><d5}) 17.
Ne2 $8 b5 $132 18. cxb5 (18. Bxc5 Rxc5 19. b4 (19. cxb5 Rxb5 20. Nd4 Rb6 $10)
19... Rxc4 20. Nc3 Rcc8 21. Bxb5 a5 $10) 18... Bxb3 (18... Nxb3 19. Nc3 Rc7 20.
Bd3 Rac8 21. Na4 $5 $14) 19. Rd2 (19. Rc1 $2 Nd3+ $19) 19... Bc4 $6 (19...
Nfxe4 $2 20. fxe4 Nxe4 21. Bh4+ Ke6 (21... g5 22. Bxg5+ $1 Nxg5 23. Kxb3 $18)
22. Rd3 Bc4 23. Re3 $16) (19... Be6 20. Nc3 a6 21. a4 Nfd7 $1 $13 {/\ Nb6}) 20.
Nc3 Nb3 21. Rc2 $1 (21. Rd1 Na5 $132) 21... Na5 (21... Be6 $5 22. Be2 Na5 23.
Rhc1 $14) 22. Bxc4 Nxc4+ 23. Kb3 $16 {><a7,<->c} a6 (23... Na5+ 24. Kb4 $16)
24. Rhc1 $1 (24. Nd5+ Nxd5 25. Rxc4 Rxc4 26. Kxc4 Nf4 $1 (26... axb5+ 27. Kxd5
Rxa3 28. Kc6 Ra2 29. Rf1 b4 30. Kb5 b3 31. Kb4 b2 32. Rb1 $18) 27. b6 $8 Rc8+
28. Kb3 (28. Kb4 $2 Nd3+ 29. Ka5 Nxf2 30. Rb1 Kd7 31. b7 Rb8 32. Rb3 $8 (32.
Kxa6 Nd3 $19) 32... Nd3 33. Rxd3 Rxb7 $15) 28... Nd3 29. Be3 Nc5+ 30. Kb4 Kd7
31. Ka5 Kc6 32. Bxc5 dxc5 $13 33. Rb1 Kb7) 24... Rab8 (24... axb5 25. Nxb5 Na5+
(25... Nd2+ 26. Kb4 $18) 26. Kb4 Rxc2 27. Rxc2 $18 {o^a}) (24... Kd7 25. Kb4 $1
$16) 25. a4 Na5+ $2 $138 (25... Kd7 $8 26. Kb4 $16 {/\ a5,Nd5}) 26. Kb4 $1 (26.
Ka2 Kd7 27. bxa6 Nc6 $132) 26... Nc6+ $8 (26... Nc4 27. Nd5+ Nxd5+ 28. exd5 a5+
29. Kb3 $18) 27. Ka3 axb5 (27... Nd4 28. Bxd4 exd4 29. Nd5+ $18) 28. axb5 Ra8+
29. Na4 $1 $18 Na7 30. Rc7+ (30. Rc7+ Kd8 31. Rxa7 $18) 1-0

[Event "Mitropa Cup 15th"]
[Site "Bad Woerishofen"]
[Date "1993.??.??"]
[Round "?"]
[White "Stohl, Igor"]
[Black "Sosonko, Gennadi"]
[Result "1/2-1/2"]
[WhiteElo "2540"]
[BlackElo "2535"]
[PlyCount "20"]
[EventDate "1993.01.??"]
[EventType "team-tourn"]
[EventRounds "7"]
[EventCountry "GER"]
[Source "ChessBase"]
[SourceDate "1993.06.01"]

1. c4 e6 2. Nf3 d5 3. g3 dxc4 4. Qa4+ Nd7 5. Qxc4 b6 6. Bg2 Bb7 7. d4 Ngf6 8.
O-O c5 9. Rd1 a6 10. dxc5 Bxc5 1/2-1/2

[Event "Mitropa Cup 15th"]
[Site "Bad Woerishofen"]
[Date "1993.??.??"]
[Round "?"]
[White "Tolnai, Tibor"]
[Black "Garcia Palermo, Carlos H"]
[Result "1/2-1/2"]
[WhiteElo "2500"]
[BlackElo "2475"]
[PlyCount "82"]
[EventDate "1993.01.??"]
[EventType "team-tourn"]
[EventRounds "7"]
[EventCountry "GER"]
[Source "ChessBase"]
[SourceDate "1993.06.01"]

1. e4 c6 2. d4 d5 3. Nc3 dxe4 4. Nxe4 Bf5 5. Ng3 Bg6 6. h4 h6 7. h5 Bh7 8. Nf3
Nf6 9. Bd3 Bxd3 10. Qxd3 Qa5+ 11. Bd2 Qa6 12. Qxa6 Nxa6 13. O-O-O e6 14. Rhe1
Be7 15. Ne5 Rd8 16. f4 O-O 17. f5 Bd6 18. fxe6 fxe6 19. Re2 Bc7 20. Be1 Nd5 21.
Ng6 Nf4 22. Nxf8 Nxe2+ 23. Nxe2 Rxf8 24. c4 Rf5 25. Ng3 Bf4+ 26. Kc2 Rg5 27.
Rd3 c5 28. d5 exd5 29. cxd5 Bxg3 30. Rxg3 Rxd5 31. Bc3 Rd7 32. Kb3 Nc7 33. a4
Ne6 34. Kc4 Nf4 35. Kxc5 Nxh5 36. Rf3 g5 37. Rh3 Nf4 38. Rxh6 Nxg2 39. Rg6+ Kf7
40. Rxg5 Ne3 41. Rg7+ Ke6 1/2-1/2

[Event "Mitropa Cup 15th"]
[Site "Bad Woerishofen"]
[Date "1993.??.??"]
[Round "?"]
[White "Tolnai, Tibor"]
[Black "Grosar, Aljosa"]
[Result "1-0"]
[WhiteElo "2500"]
[BlackElo "2480"]
[PlyCount "89"]
[EventDate "1993.01.??"]
[EventType "team-tourn"]
[EventRounds "7"]
[EventCountry "GER"]
[Source "ChessBase"]
[SourceDate "1993.06.01"]

1. e4 c5 2. Nf3 d6 3. d4 cxd4 4. Nxd4 Nf6 5. Nc3 Nc6 6. Bg5 e6 7. Qd3 a6 8.
O-O-O Bd7 9. Be2 b5 10. Nxc6 Bxc6 11. Rhe1 Be7 12. Bxf6 gxf6 13. Bh5 Rc8 14.
Qh3 Kf8 15. Kb1 b4 16. Ne2 Bxe4 17. Nd4 Bd5 18. Bf3 Rc5 19. Bxd5 Rxd5 20. Rxe6
Rxd4 21. Qh6+ Ke8 22. Rxe7+ Qxe7 23. Rxd4 Qe1+ 24. Qc1 Qxf2 25. Rxd6 Ke7 26.
Rd2 Qh4 27. g3 Qh5 28. Qf1 Re8 29. b3 a5 30. Qa6 Qc5 31. Rd1 Qe5 32. Qd3 f5 33.
Rf1 Kf8 34. Qxf5 Qg7 35. Qxa5 Qc3 36. Qg5 Re1+ 37. Rxe1 Qxe1+ 38. Qc1 Qf2 39.
a4 Qxh2 40. Qe1 Kg8 41. a5 Qg2 42. a6 Qa8 43. Qe2 Qa7 44. Qg4+ Kh8 45. Qxb4 1-0

[Event "Mitropa Cup 15th"]
[Site "Bad Woerishofen"]
[Date "1993.??.??"]
[Round "?"]
[White "Van Mil, Johan"]
[Black "Gostisa, Leon"]
[Result "1-0"]
[WhiteElo "2435"]
[BlackElo "2460"]
[PlyCount "75"]
[EventDate "1993.01.??"]
[EventType "team-tourn"]
[EventRounds "7"]
[EventCountry "GER"]
[Source "ChessBase"]
[SourceDate "1993.06.01"]

1. e4 e5 2. Nf3 Nc6 3. Bb5 a6 4. Ba4 Nf6 5. O-O Be7 6. Bxc6 dxc6 7. Nc3 Nd7 8.
d4 exd4 9. Qxd4 O-O 10. Bf4 Nc5 11. Qe3 Ne6 12. Rad1 Qe8 13. Bg3 Bc5 14. Qe1 f6
15. Kh1 Qf7 16. Ne2 Re8 17. Nh4 Bf8 18. b3 a5 19. f3 b6 20. Nf5 Ba6 21. c4 Bb4
22. Qf2 b5 23. Ne3 Bc5 24. cxb5 cxb5 25. Nf4 Nxf4 26. Bxf4 c6 27. Qc2 Qa7 28.
Nf5 b4 29. Rfe1 Bf2 30. Be3 Bxe3 31. Nxe3 Qb6 32. Rd6 Bb5 33. Nf5 Rad8 34. Red1
Kh8 35. Qd2 Rxd6 36. Qxd6 Qf2 37. Qe7 Rg8 38. Nh6 1-0

[Event "Mitropa Cup 15th"]
[Site "Bad Woerishofen"]
[Date "1993.??.??"]
[Round "?"]
[White "Varga, Zoltan"]
[Black "Douven, Rudy C"]
[Result "1-0"]
[WhiteElo "2450"]
[BlackElo "2410"]
[Annotator "Blatny,P"]
[PlyCount "83"]
[EventDate "1993.01.??"]
[EventType "team-tourn"]
[EventRounds "7"]
[EventCountry "GER"]
[Source "ChessBase"]
[SourceDate "1993.06.01"]

1. e4 c6 2. c4 d5 3. cxd5 cxd5 4. exd5 Nf6 5. Bb5+ (5. d4 g6 6. Nc3 Nxd5 7. Nf3
(7. Nge2 $5) 7... Bg7 8. Be2 {--> Plaskett-Bellon, Bahrain 1990, CBM}) (5. Nc3
g6 6. d4 Nxd5 7. Bc4 Nb6 8. Bb3 Bg7 9. Nf3 Nc6 10. d5 {--> Lau-Serer, FRG-ch
1991, CBM}) 5... Nbd7 (5... Bd7 6. Qb3 $36) 6. Nc3 g6 (6... a6 {@}) 7. d4 Bg7
8. d6 exd6 9. Qe2+ Qe7 (9... Kf8 10. Nf3 h6 11. O-O Nb6 (11... Kg8 {-->
Shirov-Vyzhmanavin, Tilburg 1992, CBM}) 12. Bd3 Kg8 13. Bf4 Kh7 14. h3 {-->
Lautier-Yusupov, Baden-Baden 1992, CBM}) 10. Bf4 Qxe2+ (10... d5 11. Bd6 $16 {
/^a3-f8}) 11. Bxe2 Ke7 12. Bf3 $14 Nb6 13. Nge2 h6 14. h4 Rd8 15. O-O a6 (15...
d5 $142 16. Be5 (16. Nb5 Be6 17. Nc7 Rac8) 16... Be6 17. Nf4 $14) 16. a4 Rb8
17. Rfe1 Kf8 18. a5 Na8 (18... Nc4 19. b3 (19. Ra2 b6 $13) 19... Nb2 20. Nc1
Bf5 $8 21. Re3 {/\Ra2 +/-/+- _|_}) 19. Rac1 Nc7 20. Ne4 Nce8 (20... Nxe4 21.
Rxc7 Nf6 22. Nc3 $16) 21. Nxf6 Nxf6 22. Rc7 Ne8 $8 23. Rc4 Bd7 24. Rb4 Bb5 25.
Nc3 Nc7 26. Ne4 Ne8 27. Nc3 Nc7 28. Rc1 h5 29. g3 Ne6 $2 (29... Rd7 $142 {+/=/
+/-}) 30. Nxb5 axb5 31. Be3 d5 32. Rxb5 Nxd4 33. Bxd4 Bxd4 34. Bxd5 Bxb2 (34...
Rd7 35. a6 $18) 35. Rc7 $18 f5 36. Bf7 Rd1+ 37. Kg2 Bd4 38. Bxg6 Rd2 39. Rxf5+
Kg8 40. Bf7+ Kh8 41. Rxh5+ Kg7 42. Bd5+ 1-0

[Event "Mitropa Cup 15th"]
[Site "Bad Woerishofen"]
[Date "1993.??.??"]
[Round "?"]
[White "Varga, Zoltan"]
[Black "Duer, Werner"]
[Result "1-0"]
[WhiteElo "2450"]
[BlackElo "2290"]
[PlyCount "145"]
[EventDate "1993.01.??"]
[EventType "team-tourn"]
[EventRounds "7"]
[EventCountry "GER"]
[Source "ChessBase"]
[SourceDate "1993.06.01"]

1. e4 c6 2. d4 d5 3. Nc3 dxe4 4. Nxe4 Nf6 5. Nxf6+ exf6 6. c3 Bf5 7. Qf3 Bg6 8.
h4 Bd6 9. Ne2 O-O 10. h5 Bc2 11. Be3 Re8 12. Ng3 Qb6 13. b3 Qc7 14. Kd2 Bxg3
15. Kxc2 Bd6 16. h6 g6 17. Qxf6 Bf8 18. Bf4 Qe7 19. Qxe7 Bxe7 20. Bd3 Nd7 21.
Rae1 Nf6 22. Re2 Bf8 23. Bg5 Nd5 24. Rhe1 Rxe2+ 25. Rxe2 f6 26. Bc1 Kf7 27. a3
Rd8 28. g3 Rd7 29. a4 a5 30. Bd2 Rd8 31. Bc4 Rd7 32. Re1 Rd8 33. Rh1 Rd7 34.
Bf4 Ke8 35. Bb8 Kf7 36. Ba7 Ke8 37. Kd3 Kd8 38. Bxd5 Rxd5 39. c4 Rf5 40. Bb6+
Kd7 41. f4 Bd6 42. Ke4 Ke6 43. c5 Bf8 44. Bxa5 Rd5 45. g4 f5+ 46. gxf5+ gxf5+
47. Ke3 Rd7 48. Rh5 Kf6 49. Bc3 Ke6 50. Be1 Be7 51. Bh4 Bxh4 52. Rxh4 Kf6 53.
Kd3 Re7 54. Rh1 Kg6 55. Rg1+ Kxh6 56. Rg5 Re1 57. Rxf5 Kg6 58. Re5 Rd1+ 59. Kc3
h5 60. Rg5+ Kh6 61. Rg8 Rf1 62. Rb8 Rxf4 63. Rxb7 h4 64. Re7 h3 65. a5 Kg5 66.
a6 Rf8 67. Rh7 Kg4 68. d5 Rf3+ 69. Kb4 cxd5 70. a7 Rf8 71. c6 Kg3 72. Kc5 Ra8
73. Kb6 1-0

[Event "Mitropa Cup 15th"]
[Site "Bad Woerishofen"]
[Date "1993.??.??"]
[Round "?"]
[White "Varga, Zoltan"]
[Black "Huss, Andreas"]
[Result "1-0"]
[WhiteElo "2450"]
[BlackElo "2400"]
[PlyCount "83"]
[EventDate "1993.01.??"]
[EventType "team-tourn"]
[EventRounds "7"]
[EventCountry "GER"]
[Source "ChessBase"]
[SourceDate "1993.06.01"]

1. c4 e6 2. Nc3 Bb4 3. Qb3 Nc6 4. a3 Bxc3 5. Qxc3 Nf6 6. b4 O-O 7. d3 Ne8 8.
Nf3 d6 9. g3 e5 10. Bg2 Ne7 11. e4 f5 12. exf5 Nxf5 13. O-O Nf6 14. Re1 Qe8 15.
h3 Qg6 16. Ra2 Rb8 17. g4 Ne7 18. d4 e4 19. Nh4 Qf7 20. g5 Nh5 21. Rxe4 c6 22.
Rae2 Ng6 23. Nxg6 Qxg6 24. Rh4 Qf7 25. d5 Bd7 26. Rhe4 Rbe8 27. Rxe8 Bxe8 28.
Qd4 a6 29. c5 dxc5 30. Qxc5 Nf4 31. Re7 Qf5 32. Bxf4 Qxf4 33. Qe3 Qb8 34. d6
Qd8 35. Qe5 Bf7 36. Rxb7 Re8 37. Re7 Rxe7 38. Qxe7 Qxe7 39. dxe7 Be8 40. Bf1
Kf7 41. Bxa6 Kxe7 42. Bc4 1-0

[Event "Mitropa Cup 15th"]
[Site "Bad Woerishofen"]
[Date "1993.??.??"]
[Round "?"]
[White "Votava, Jan"]
[Black "Iannacone, Ernesto"]
[Result "1-0"]
[WhiteElo "2410"]
[BlackElo "2385"]
[PlyCount "82"]
[EventDate "1993.01.??"]
[EventType "team-tourn"]
[EventRounds "7"]
[EventCountry "GER"]
[Source "ChessBase"]
[SourceDate "1993.06.01"]

1. e4 Nf6 2. e5 Nd5 3. d4 d6 4. c4 Nb6 5. f4 Bf5 6. Bd3 Bxd3 7. Qxd3 dxe5 8.
fxe5 c5 9. Nf3 e6 10. O-O Nc6 11. Ng5 Qxd4+ 12. Qxd4 Nxd4 13. Nxf7 Rg8 14. Na3
Be7 15. Bg5 Nd7 16. Nd6+ Bxd6 17. exd6 Rf8 18. Rfe1 Kf7 19. Be7 Rfe8 20. Rf1+
Nf6 21. Nb5 Nxb5 22. cxb5 e5 23. Rac1 b6 24. b4 cxb4 25. d7 Rxe7 26. Rc8 Rxd7
27. Rxa8 Ke6 28. Rb1 e4 29. Kf1 Ke5 30. Rxb4 Rd2 31. Rxa7 Nd5 32. Rb3 e3 33.
Rxg7 Rf2+ 34. Ke1 Rxa2 35. Rxh7 Rxg2 36. Rh4 Rg1+ 37. Ke2 Rg2+ 38. Kf1 e2+ 39.
Ke1 Nf4 40. Rg3 Rxg3 41. hxg3 Ng2+ 1-0

[Event "Mitropa Cup 15th"]
[Site "Bad Woerishofen"]
[Date "1993.??.??"]
[Round "?"]
[White "Votava, Jan"]
[Black "Osterman, Rudolf"]
[Result "1-0"]
[WhiteElo "2410"]
[BlackElo "2415"]
[PlyCount "93"]
[EventDate "1993.01.??"]
[EventType "team-tourn"]
[EventRounds "7"]
[EventCountry "GER"]
[Source "ChessBase"]
[SourceDate "1993.06.01"]

1. d4 Nf6 2. c4 c5 3. d5 e6 4. Nc3 exd5 5. cxd5 d6 6. e4 g6 7. h3 Bg7 8. Nf3
O-O 9. Bd3 Re8 10. O-O a6 11. a4 c4 12. Bc2 Nbd7 13. Bf4 Qc7 14. Re1 Nh5 15.
Be3 Ne5 16. Nxe5 Bxe5 17. Qd2 b6 18. g4 Ng7 19. f4 Bf6 20. g5 Bd8 21. Bd4 Qd7
22. Kf2 Nh5 23. Rh1 Rb8 24. Bd1 b5 25. axb5 axb5 26. Bf3 b4 27. Ne2 Qb5 28. Ng3
Nxg3 29. Kxg3 Bb6 30. h4 Re7 31. h5 Rc7 32. f5 gxf5 33. g6 f4+ 34. Kxf4 Qe8 35.
gxh7+ Kxh7 36. Bf6 c3 37. bxc3 Rxc3 38. Bxc3 bxc3 39. Qxc3 Qe7 40. Rag1 Bxg1
41. Rxg1 f6 42. Rg6 Qe5+ 43. Qxe5 dxe5+ 44. Kg3 Rb6 45. Bg4 Rb3+ 46. Kh4 Bxg4
47. Kxg4 1-0

[Event "Mitropa Cup 15th"]
[Site "Bad Woerishofen"]
[Date "1993.??.??"]
[Round "?"]
[White "Wirthensohn, Heinz"]
[Black "Almasi, Zoltan"]
[Result "1/2-1/2"]
[WhiteElo "2400"]
[BlackElo "2490"]
[PlyCount "59"]
[EventDate "1993.01.??"]
[EventType "team-tourn"]
[EventRounds "7"]
[EventCountry "GER"]
[Source "ChessBase"]
[SourceDate "1993.06.01"]

1. d4 Nf6 2. Nf3 e6 3. g3 c5 4. Bg2 Nc6 5. O-O cxd4 6. Nxd4 Qb6 7. Nb3 d5 8.
Nc3 Be7 9. e4 dxe4 10. Nxe4 Nxe4 11. Bxe4 O-O 12. Be3 Qc7 13. c3 Rd8 14. Qh5 g6
15. Qe2 e5 16. Rfd1 Be6 17. Nc5 Bxc5 18. Bxc5 Na5 19. Be3 Qc4 20. Rxd8+ Rxd8
21. Qxc4 Nxc4 22. Bg5 Rd7 23. b3 f5 24. Bg2 Nd6 25. Rd1 Ne4 26. Rxd7 Bxd7 27.
Bxe4 fxe4 28. Bf6 Kf7 29. Bxe5 Bh3 30. Bd4 1/2-1/2

[Event "Mitropa Cup 15th"]
[Site "Bad Woerishofen"]
[Date "1993.??.??"]
[Round "?"]
[White "Wirthensohn, Heinz"]
[Black "Borgo, Giulio"]
[Result "1-0"]
[WhiteElo "2400"]
[BlackElo "2365"]
[PlyCount "83"]
[EventDate "1993.01.??"]
[EventType "team-tourn"]
[EventRounds "7"]
[EventCountry "GER"]
[Source "ChessBase"]
[SourceDate "1993.06.01"]

1. d4 Nf6 2. Nf3 c5 3. d5 b5 4. Bg5 Bb7 5. Bxf6 exf6 6. c4 f5 7. cxb5 g6 8. Nc3
Bg7 9. e3 O-O 10. Be2 d6 11. O-O a6 12. a4 axb5 13. Bxb5 Na6 14. Bc4 Qa5 15.
Nb5 Rfd8 16. Rb1 Nc7 17. Nxc7 Qxc7 18. b3 Ba6 19. Bxa6 Rxa6 20. Nd2 Rb8 21. Nc4
Rb4 22. Qd3 Ra8 23. Rfc1 Re8 24. g3 h5 25. Nd2 Re5 26. Rd1 Bf6 27. Nc4 Re8 28.
h4 Re4 29. Rdc1 Qd8 30. Kf1 Rg4 31. Nd2 Qe7 32. Rc4 Qb7 33. Rxb4 Rxb4 34. Nc4
Qc7 35. Rc1 Kg7 36. Rc2 f4 37. exf4 Bd4 38. Qf3 Qb7 39. Nxd6 Qa6+ 40. Nb5 c4
41. Rxc4 Rxc4 42. bxc4 1-0

[Event "Mitropa Cup 15th"]
[Site "Bad Woerishofen"]
[Date "1993.??.??"]
[Round "?"]
[White "Wirthensohn, Heinz"]
[Black "Herzog, Adolf"]
[Result "0-1"]
[WhiteElo "2400"]
[BlackElo "2345"]
[PlyCount "82"]
[EventDate "1993.01.??"]
[EventType "team-tourn"]
[EventRounds "7"]
[EventCountry "GER"]
[Source "ChessBase"]
[SourceDate "1993.06.01"]

1. d4 d6 2. Nf3 Nc6 3. d5 Nb8 4. c4 g6 5. e4 Nf6 6. Nc3 Bg7 7. h3 O-O 8. Bd3 c6
9. O-O a6 10. Re1 b5 11. cxb5 axb5 12. dxc6 b4 13. Nd5 Nxc6 14. Bg5 Ra5 15.
Bxf6 exf6 16. Qd2 Be6 17. Nxb4 Nxb4 18. Qxb4 Qa8 19. Qd2 Rb8 20. b4 Ra4 21. a3
f5 22. exf5 Bd5 23. Rac1 Rxa3 24. fxg6 hxg6 25. b5 Bxf3 26. gxf3 Qd5 27. Red1
Qxf3 28. Bf1 Be5 29. Bg2 Qf5 30. Rb1 Rxh3 31. b6 Kg7 32. b7 Rh2 33. Qd5 Rh5 34.
Rbc1 Qg4 35. Qf3 Qe6 36. Kf1 Rf5 37. Qd5 Qf6 38. Rc8 Rxf2+ 39. Kg1 Qh4 40. Qe4
Bh2+ 41. Kh1 Rf4 0-1

[Event "Mitropa Cup 15th"]
[Site "Bad Woerishofen"]
[Date "1993.??.??"]
[Round "?"]
[White "Wittmann, Walter"]
[Black "Braga, Fernando Alberto"]
[Result "1/2-1/2"]
[WhiteElo "2400"]
[BlackElo "2435"]
[Annotator "Horvath,Ta"]
[PlyCount "41"]
[EventDate "1993.01.??"]
[EventType "team-tourn"]
[EventRounds "7"]
[EventCountry "GER"]
[Source "ChessBase"]
[SourceDate "1993.06.01"]

1. e4 c5 2. Nf3 Nc6 3. d4 cxd4 4. Nxd4 Nf6 5. Nc3 e5 6. Ndb5 d6 7. Bg5 a6 8.
Na3 b5 9. Nd5 Be7 10. Bxf6 (10. Nxe7 Nxe7 11. Qf3 Bg4 12. Qg3 Be6 13. Bd3 Ng6
14. Qf3 $5 d5 15. c3 h6 (15... b4 $5 16. cxb4 Qb6 $13) 16. Bxf6 Qxf6 17. Qxf6
gxf6 18. g3 $14 {Judasin-Jaguov  Moscow 1992  Inf. 56 / 177}) 10... Bxf6 11. c4
b4 12. Nc2 (12. Qa4 Bd7 13. Nxb4 Nd4 14. Qd1 Rb8 15. Qd2 Bg5 16. Qc3 Qb6 17.
Nd3 Qb7 18. f3 Bh4+ 19. g3 $6 Nxf3+ 20. Kf2 Bg5 21. Kxf3 f5 $17 {
Price-Radaskovic  Tel-Aviv 1977}) 12... Rb8 (12... a5 13. Qf3 Be6 $1 14. Rd1
Bxd5 15. Rxd5 Ne7 16. Rd1 Qb6 17. Be2 O-O 18. O-O Bg5 19. g3 Rad8 20. Qd3 g6
21. Kg2 $10 {Watcza-Horvath,T/Graz/1992/}) 13. g3 b3 $5 14. axb3 Rxb3 15. Ncb4
Nd4 16. Nc6 Bg4 $1 17. Qxg4 (17. Qxb3 Nxb3 18. Nxd8 Nxa1 19. Nxf6+ gxf6 20. Be2
Bxe2 21. Kxe2 Nb3 22. Nc6 Kd7 23. Nb4 Rb8 24. Nd3 Nd4+ 25. Kd2 f5 $15) 17...
Nxc6 18. Bh3 O-O 19. Rxa6 Nb4 20. Nxb4 Rxb4 21. Qe2 {21. ... Qb8 22. Ra2 Qc7=}
1/2-1/2

[Event "Mitropa Cup 15th"]
[Site "Bad Woerishofen"]
[Date "1993.??.??"]
[Round "?"]
[White "Wittmann, Walter"]
[Black "Gostisa, Leon"]
[Result "1/2-1/2"]
[WhiteElo "2400"]
[BlackElo "2460"]
[PlyCount "49"]
[EventDate "1993.01.??"]
[EventType "team-tourn"]
[EventRounds "7"]
[EventCountry "GER"]
[Source "ChessBase"]
[SourceDate "1993.06.01"]

1. e4 c5 2. Nf3 Nc6 3. d4 cxd4 4. Nxd4 Nf6 5. Nc3 d6 6. Be3 e5 7. Nf3 Be7 8.
Bc4 O-O 9. O-O a6 10. Qe2 Bg4 11. Rfd1 Rc8 12. Nd5 b5 13. Bb3 Nxd5 14. Bxd5 Na5
15. c3 Nc4 16. Bc1 Qa5 17. h3 Bh5 18. a4 Bxf3 19. Qxf3 bxa4 20. Qe2 Qb5 21. Qc2
Nb6 22. Be3 Nc4 23. Bc1 Nb6 24. Be3 Nc4 25. Bc1 1/2-1/2

[Event "Mitropa Cup 15th"]
[Site "Bad Woerishofen"]
[Date "1993.??.??"]
[Round "?"]
[White "Wittmann, Walter"]
[Black "Priehoda, Vitezslav"]
[Result "1/2-1/2"]
[WhiteElo "2400"]
[BlackElo "2440"]
[PlyCount "160"]
[EventDate "1993.01.??"]
[EventType "team-tourn"]
[EventRounds "7"]
[EventCountry "GER"]
[Source "ChessBase"]
[SourceDate "1993.06.01"]

1. e4 e6 2. d4 d5 3. Nd2 Nf6 4. e5 Nfd7 5. Bd3 c5 6. c3 b6 7. Nh3 Ba6 8. Bxa6
Nxa6 9. O-O Be7 10. Qg4 g6 11. Qe2 Nc7 12. Nf3 h6 13. Be3 Kf8 14. Nf4 c4 15. g3
b5 16. Qd2 Kg7 17. h4 h5 18. Nh3 Rb8 19. Bg5 a5 20. a3 Rb7 21. Nf4 Bxg5 22.
Nxg5 Nf8 23. Nfh3 Qe7 24. Qf4 Nh7 25. Rfe1 Nxg5 26. Nxg5 Ne8 27. Kg2 Kg8 28. f3
Nc7 29. g4 Kg7 30. Kg3 Na6 31. Re2 Nb8 32. Rg2 Nc6 33. Rag1 Rbb8 34. Kh3 Kf8
35. Qf6 Qxf6 36. exf6 Rb7 37. Re2 Nb8 38. gxh5 Rxh5 39. Rg4 Nd7 40. Rf4 Rb6 41.
Kg3 Kg8 42. Re1 Nf8 43. Rg4 Rb8 44. Kh3 Re8 45. Kg3 Nd7 46. Rf4 Kf8 47. Kh3 Nb6
48. Rg4 Rb8 49. Ra1 Nc8 50. Kg3 Nd6 51. Kf2 Ke8 52. Rh1 Kd7 53. Kg2 Rbh8 54. f4
Rf8 55. Nf3 Ne4 56. Ne5+ Kd6 57. Rg5 Nxf6 58. Rxh5 Nxh5 59. Kf3 Nf6 60. Rh2 Kc7
61. Rh1 Kb7 62. Rh2 Ka6 63. Rh1 Ne4 64. Ra1 Nd6 65. Rh1 Rh8 66. Kg4 Rh5 67. Kf3
Kb6 68. Kg4 Kc7 69. Kf3 Rh7 70. Kg4 Ne4 71. Rh2 Kd6 72. Kf3 Nf6 73. Rh1 Nd7 74.
Ng4 Ke7 75. Ke3 f6 76. Kf3 Nb6 77. Rh2 Nc8 78. Kg3 Rh8 79. Ne3 Nd6 80. Rh1 Rh5
1/2-1/2

[Event "Mitropa Cup 15th"]
[Site "Bad Woerishofen"]
[Date "1993.??.??"]
[Round "?"]
[White "Wittmann, Walter"]
[Black "Zueger, Beat"]
[Result "1/2-1/2"]
[WhiteElo "2400"]
[BlackElo "2415"]
[PlyCount "30"]
[EventDate "1993.01.??"]
[EventType "team-tourn"]
[EventRounds "7"]
[EventCountry "GER"]
[Source "ChessBase"]
[SourceDate "1993.06.01"]

1. e4 e6 2. d4 d5 3. Nd2 c5 4. Ngf3 Nf6 5. exd5 exd5 6. Bb5+ Bd7 7. Bxd7+ Nbxd7
8. O-O Be7 9. dxc5 Nxc5 10. Nd4 Qd7 11. N2f3 O-O 12. Bf4 Bd6 13. Bxd6 Qxd6 14.
Nf5 Qd7 15. Ne3 Rfe8 1/2-1/2

[Event "Mitropa Cup 15th"]
[Site "Bad Woerishofen"]
[Date "1993.??.??"]
[Round "?"]
[White "Zueger, Beat"]
[Black "Gostisa, Leon"]
[Result "1/2-1/2"]
[WhiteElo "2415"]
[BlackElo "2460"]
[PlyCount "133"]
[EventDate "1993.01.??"]
[EventType "team-tourn"]
[EventRounds "7"]
[EventCountry "GER"]
[Source "ChessBase"]
[SourceDate "1993.06.01"]

1. d4 Nf6 2. c4 e6 3. Nf3 Bb4+ 4. Bd2 c5 5. Bxb4 cxb4 6. g3 O-O 7. Bg2 d6 8.
O-O Re8 9. a3 Qb6 10. Qb3 Nc6 11. axb4 Nxb4 12. Rc1 a5 13. c5 dxc5 14. Rxc5 Nd7
15. Rc1 e5 16. Nbd2 Nc6 17. dxe5 Qxb3 18. Nxb3 Ndxe5 19. Nxe5 Rxe5 20. e3 Rb5
21. Rxc6 bxc6 22. Bxc6 Rxb3 23. Bxa8 Bh3 24. Bg2 Bxg2 25. Kxg2 Rxb2 26. Rxa5 g6
27. g4 Kg7 28. Kg3 Rb1 29. h4 Rg1+ 30. Kf3 Rb1 31. h5 Rb4 32. Rc5 Ra4 33. Rb5
Rc4 34. Kg3 Ra4 35. Rd5 Rb4 36. Rc5 Ra4 37. Rb5 Rc4 38. Rd5 Ra4 39. Rc5 Rb4 40.
Ra5 Rc4 41. f3 Rb4 42. e4 Rb3 43. Kf4 Rc3 44. Ra6 gxh5 45. g5 Rc1 46. Rh6 Rh1
47. Kg3 Rg1+ 48. Kf4 Rh1 49. e5 Rh3 50. Ke4 Rh1 51. Kf5 Rh4 52. f4 Rh1 53. e6
fxe6+ 54. Rxe6 Ra1 55. Re7+ Kg8 56. Kf6 Ra6+ 57. Re6 Ra8 58. f5 h4 59. g6 hxg6
60. Kxg6 h3 61. Re7 h2 62. Rg7+ Kf8 63. Rh7 Ra2 64. Rh8+ Ke7 65. f6+ Ke6 66.
Re8+ Kd7 67. Rh8 1/2-1/2

[Event "Mitropa Cup 15th"]
[Site "Bad Woerishofen"]
[Date "1993.??.??"]
[Round "?"]
[White "Zueger, Beat"]
[Black "Schlosser, Philipp"]
[Result "1/2-1/2"]
[WhiteElo "2415"]
[BlackElo "2520"]
[PlyCount "96"]
[EventDate "1993.01.??"]
[EventType "team-tourn"]
[EventRounds "7"]
[EventCountry "GER"]
[Source "ChessBase"]
[SourceDate "1993.06.01"]

1. d4 Nf6 2. c4 e6 3. Nf3 b6 4. g3 Bb4+ 5. Bd2 a5 6. Bg2 O-O 7. O-O Ba6 8. Ne5
Ra7 9. Bxb4 axb4 10. a3 d6 11. axb4 dxe5 12. dxe5 Ng4 13. Qxd8 Rxd8 14. b5 Nxe5
15. b3 c6 16. bxa6 Rxa6 17. Nc3 Rc8 18. h3 Kf8 19. f4 Ned7 20. b4 Ke7 21. Kf2
Rc7 22. Ke3 Rca7 23. Rxa6 Rxa6 24. Kd2 c5 25. b5 Ra7 26. Kc2 h6 27. Kb3 g5 28.
Na4 Rc7 29. Bf3 Rc8 30. Ra1 gxf4 31. gxf4 Rg8 32. Nc3 Rg3 33. h4 Rh3 34. Ra7
Kd8 35. h5 Rh4 36. Na4 Rxf4 37. Rb7 Kc8 38. Nxb6+ Nxb6 39. Rxb6 Rf5 40. Rd6 Kc7
41. Rd1 Rg5 42. Ra1 Kb6 43. Ra8 Rg8 44. Kc3 Rd8 45. Kc2 Rf8 46. Kc3 Rd8 47. Bc6
Rg8 48. Bf3 Rd8 1/2-1/2